000 00412nam a22001217a 4500
999 _c10181
_d10181
003 OSt
008 201218b ||||| |||| 00| 0 eng d
245 _aInternational Journal on Information and Communication Technologies
250 _a2011(Jan-Jun Vol.4 No.1-2, Jul-Dec Vol.4 No.3-4)
260 _aNew Delhi
_bSerials Publication [P] Ltd.
650 _aElectronics and Communication Engineering
942 _2ddc
_cBV